000 00771nas a2200253Ia 4500
001 R109/44554
003 IT-RoPAU
008 151124c99999999xx |||||||||||| ||und||
040 _aIT-RoPAU
040 _cIT-RoPAU
041 _aFRANCESE
100 _aBoudon Pierre
_gCodice Aut. SPICS: 11833
210 _aCOMMUNICATIONS
222 _aCommunications
245 _aCOMMUNICATIONS, N.13 (1969)
_bSur un Statut De L'Objet: Differer L'Objet De L'Objet
250 _a1a ed.
260 _aPARIS
_bSEUIL
_c1969
501 _bPaulus - SPICS - Società San Paolo EM (non-commercial uses only)
_cCopyright2015
300 _a23 p. [65-87]
362 _aN.13 (1969)
500 _aStatuto-Dell'Oggetto
650 _aCOMUNICAZIONE
_vPUBBLICAZIONE PERIODICA
942 _cCR
999 _c195930
_d195930